000 00556cam a2200193 a 4500
001 000018983
005 20200929165907.0
008 720209s1967 mx 000 0 spa d
040 _aDO-SdBNP
_bspa
_cBNPHU
082 _aCh863.44
_bD784c
100 1 _aDroguett, Carlos,
_d1912-1996.
_93162
245 1 3 _aEl compadre /
_cCarlos Droguett.
260 _aMéxico :
_bJoaquín Mortiz,
_c1967.
300 _a204 p. ;
_c18 cm.
490 0 _aVolador
650 4 _aNovela chilena
_93163
650 4 _aLiteratura chilena
_ySIGLO XX
_914677
830 0 _aVolador
_912484
999 _c18501
_d18501